Canadian Cities - Sudden Death - Statistics

General Stats
  • This quiz has been taken 50,352 times
    50,128 since last reset
  • The average score is 12 of 24
Answers on the Grid
Answers color-coded by a green-red scale on the quiz's grid according to % correct below.
Blackpool
Calgary
Charlottetown
Chilliwack
Christchurch
Darwin
Duluth
Fargo
Fort McMurray
Galway
Halifax
Hamilton
Helena
Ice Harbor
Kamloops
Kitchener
Le Havre
Moncton
Montreal
Moose Jaw
Niagara Falls
Oswego
Ottawa
Red Deer
Regina
Saskatoon
St. John's
Sudbury
Tacoma
Thunder Bay
Trois-Rivières
Vancouver
Victoria
Villeurbanne
Windsor
Winnipeg
 
Answer Stats
Answer % Correct
Alberta Calgary
89%
Ontario Ottawa
76%
British Columbia Vancouver
76%
Quebec Montreal
74%
Manitoba Winnipeg
71%
Nova Scotia Halifax
67%
Saskatchewan Saskatoon
60%
British Columbia Victoria
54%
Ontario Niagara Falls
53%
Ontario Hamilton
51%
Saskatchewan Regina
49%
Newfoundland St. John's
46%
Ontario Windsor
44%
Ontario Thunder Bay
43%
Saskatchewan Moose Jaw
42%
Quebec Trois-Rivières
40%
Prince Edward Island Charlottetown
38%
Alberta Fort McMurray
36%
Ontario Kitchener
32%
Alberta Red Deer
30%
Ontario Sudbury
28%
British Columbia Chilliwack
27%
British Columbia Kamloops
27%
New Brunswick Moncton
27%
No matching quizzes found
Score Distribution
Percent of People with Each Score
Percentile by Number Answered
Your Score History
You have not taken this quiz since the last reset